00632nabaa22001697a 4500003000400000005001700004008004100021040000700062100002400069245007900093300001100172500003600183505008900219650002700308650001500335773011200350OSt20260129013903.0190701b xxu||||| |||| 00| 0 spa d cPJ aAlianak, Raquel C. 13aEl Estado administrativo y la contratación pública /cRaquel Alianak.  ap. 3-7 aCita: TR LALEY AR/DOC/803/2025  t¿Te interesa el texto completo? Comunicate al correo: koha@justierradelfuego.gov.ar 0aDERECHO ADMINISTRATIVO 0aCONTRATOS 0 02842dBuenos Aires : AbeledoPerrot, 2012-oDA121tDerecho administrativo. Nº 159 mayo/junio 2025z18510590